00649nam a2200193Ia 4500008004100000020001500041082001900056100001500075245004200090250000800132260002500140300001200165500002400177650001600201942000700217952010700224952010700331999001700438230524s9999 xx 000 0 und d a8122400086 a621.38804bGUL aR.R.Gulati 0aMonochrome and Colour Television Rev. a2ND aNEW DELHIbNAIc2009 axix;688 aQuantity Number: 2 aElectronics cBK 00104070aTATCLbTATCLcGENd2023-05-24l0o621.38804 GULp41609r2023-05-24w2023-05-24yBKzBE2102 00104070aTATCLbTATCLcGENd2023-05-24l0o621.38804 GULp41610r2023-05-24w2023-05-24yBKzBE2102 c48675d48675